000 00924nam a22002537a 4500
999 _c9583
_d9583
003 AR-CdUCM
008 190328b ||||| |||| 00| 0 spa d
040 _aMUNICIPALIDAD PROVINCIAL DEL CUSCO
_cBIBLIOTECA MUNICIPAL DEL CUSCO
082 _a944.004 /
_bC11 / 1927
100 _aCabanès, Augustin
_925881
245 _aLas indiscreciones de la historia /
260 _aMadrid :
_bEdit. Mercurio,
_c1927.
300 _a397 paginas ;
_c21 cm.
440 _aSegunda serie
_916781
500 _aAntes del título: Doctor Cabanès
505 _aContenido :San Job, patrón de los avariosos --Como se muere en belleza --La fabula de la papisa --Apendice --Muerta al servicio el rey ...
650 _aAnécdotas históricas
_925388
650 _aMedicina
_93637
650 _aEnsayos, conferencias, etc
_910020
650 _aFrancia
_91444
700 _aJ.Laymon (traductor)
_925882
942 _2ddc
_cLIBROS
945 _arjall